| LEADER |
00647nam a2200181 a 4500 |
| 001 |
0016956 |
| 003 |
Th-MUT |
| 008 |
181106s9999 xx 000 0 eng d |
| 020 |
|
|
|a 0750619872
|c 399
|
| 040 |
|
|
|a DLC
|c MUT
|
| 050 |
0 |
0 |
|a HF1416
|b F53I58
|
| 100 |
1 |
|
|a Fifeld, Paul
|
| 245 |
1 |
0 |
|a International marketing strategy
|b /
|c Paul Fifield, Keith Lewis
|
| 260 |
|
|
|a Jordan Hill :
|b Butterworths-Heinemann,
|c 1995
|
| 300 |
|
|
|a xxiii, 167 p. :
|c 30 cm.
|
| 650 |
|
0 |
|a Marketing.
|
| 700 |
1 |
|
|a Lewis, Keith
|
| 991 |
|
|
|a MONOGRAPHS
|b 5
|c 2018-11-06 18:50:09
|d 2022-12-15 09:22:34
|e mut
|f n
|g 2018-11-06
|h n
|i a
|j m
|k
|l a
|m
|n a
|o
|p b
|q
|r
|s eng
|t 1995
|v International marketing strategy /
|